La correspondencia de las artes: elementos de estética comparada
Bewaard in:
| Hoofdauteur: | |
|---|---|
| Formaat: | Boek |
| Taal: | Spaans |
| Gepubliceerd in: |
Ciudad de México
Fondo de Cultura Económica
1965
|
| Editie: | 1a. ed |
| Reeks: | Breviarios, 181
|
| Onderwerpen: | |
| Tags: |
Voeg label toe
Geen labels, Wees de eerste die dit record labelt!
|
MARC
| LEADER | 00000cam a2200000 a 4500 | ||
|---|---|---|---|
| 001 | UCQ2396 | ||
| 003 | CL-VaPUC | ||
| 008 | 980724e19650000MX |||||||||||||||||spa|d | ||
| 082 | 0 | 4 | |a 701.17 |b SOU |2 21 |
| 100 | 0 | |a Souriau, Etienne |e author |9 416282 | |
| 245 | 1 | 3 | |a La correspondencia de las artes: elementos de estética comparada |
| 250 | |a 1a. ed | ||
| 300 | |a 353 p | ||
| 942 | |c BK | ||
| 945 | |d 19980724 00:00:00 |a crobeson | ||
| 260 | |a Ciudad de México |b Fondo de Cultura Económica |c 1965 | ||
| 650 | 0 | |a Estética |9 264950 | |
| 650 | 0 | |a Teoría del arte |9 387638 | |
| 650 | 0 | |a Análisis comparativo |9 388614 | |
| 650 | 0 | |a Creación artística |9 266215 | |
| 650 | 0 | |a Bellas artes |9 334299 | |
| 583 | |a last modification |c 20130924 06:59:12 |k Rodrigo Vera | ||
| 490 | 0 | |a Breviarios, 181 | |
| 999 | |c 273222 |d 273220 | ||
| 952 | |0 0 |1 0 |4 0 |6 701_170000000000000_SOU_1965 |7 0 |8 A |9 308609 |a BIBEDU |b BIBEDU |c ES_NOD |d 2019-11-20 |i 144512K |o 701.17 SOU 1965 |p 144512K |r 2023-08-09 |w 2019-11-20 |y BK |k LIT | ||
| 952 | |0 0 |1 0 |3 erd |4 0 |6 701_170000000000000_SOU_1965 |7 0 |8 A |9 308610 |a BIBART |b BIBART |d 2019-11-20 |i 5010640 |o 701.17 SOU 1965 |p 5010640 |r 2025-03-13 |w 2019-11-20 |y BK |z Catalogado en:20131011 |k ART | ||